• 首页
  • 本馆介绍
  • 公告通知
  • 最新文献
  • 馆藏检索
  • 电子资源
  • 读者导购
  • 参考咨询
  • 我的图书馆
  • 登录
  • 详细信息显示
  • 放入我的书架
  • 预约/预借图书
  • 作者相关作品
  • 分类相关作品
  • 丛书相关作品
  • 出版社相关作品

书目信息

  • 表格格式
  • 工作单格式
  • 卡片格式
题名:
从元素到基本粒子
    
 
作者: 阿西摩夫 著 ;何笑松 译
分册: 第2分册   自然科学基础知识
出版信息: 北京   科学出版社  1977
页数: 292页
开本: 19cm
丛书名:
单 册:
中图分类: O572.2
科图分类:
主题词: 化学元素 , 基本粒子
电子资源:
ISBN:
000 00695nam0 2200241 45
001 0177001056
005 20060816102729.64
010    @dCNY0.75
100    @a19951017d1977 em y0chiy0121 ea
101 1  @achi@ceng
102    @aCN@b110000
105    @ay z 000yy
200 10 @a从元素到基本粒子@Acong yuan su dao ji ben li zi@i自然科学基础知识@h第2分册@f(美)I.阿西摩夫著@g何笑松等译
210    @a北京@c科学出版社@d1977
215    @a292页@d19cm
606    @a化学元素
606    @a基本粒子
690    @aO572.2@v3
701  1 @a阿西摩夫@Aa xi mo fu@bI.@4著
702  0 @a何笑松@Ahe xiao song@4译
801  0 @aCN@b广东省中山图书馆@c20060816
801  2 @aCN@bNLC@c20060814
905    @dO572.2@e1
    
    从元素到基本粒子.自然科学基础知识.第2分册/(美)I.阿西摩夫著/何笑松等译.-北京:科学出版社,1977
    292页;19cm
    
    
    ISBN :CNY0.75
    
●
相关链接 在E读中查询图书 在五车中查询图书 在当当中查询图书 在豆瓣中查询图书


正题名:从元素到基本粒子     索取号:O572.2/1         预约/预借

序号 登录号 条形码 馆藏地/架位号 状态 备注
1 0006980   001452047   第二样本阅览室/ [索取号:O572.2/1] 在馆    
2 0006981   001938808   第三借阅区/ [索取号:O572.2/1] 在馆    
3 0461235   204612357   密集书库/ [索取号:O572.2/1] 在馆    
4 0461236   204612366   密集书库/ [索取号:O572.2/1] 在馆    
5 0461237   204612375   密集书库/ [索取号:O572.2/1] 在馆    
6 0461238   204612384   密集书库/ [索取号:O572.2/1] 在馆    
7 0461239   204612393   密集书库/ [索取号:O572.2/1] 在馆    
8 0461827   204618271   密集书库/ [索取号:O572.2/1] 在馆    
唐山师范学院图书馆 欢迎您!
大连网信软件有限公司© 版权所有